| 000 | 02156nam a2200505Ii 4500 | ||
|---|---|---|---|
| 001 | DIGOLEJNK0500 | ||
| 003 | NyNyDIG | ||
| 006 | m o d | ||
| 007 | cr ||||||||||| | ||
| 008 | 250411s2022 cl ob 000 0 spa d | ||
| 035 | _a(OCoLC)1427225860 | ||
| 040 |
_aDGITA _beng _erda _epn _cDGITA |
||
| 020 | _z9789564072692 | ||
| 041 | 1 |
_aspa _heng |
|
| 043 | _ae-uk-en | ||
| 050 | 1 | 4 | _aHD1333.G72 ebook |
| 100 | 1 |
_aBelloc, Hilaire, _d1870-1953, _eauthor. |
|
| 240 | 1 | 0 |
_aRestoration of property. _lSpanish _s(Walker) |
| 245 | 1 | 3 |
_aLa restauración de la propiedad / _cHilaire Belloc ; edición al cuidado de Carlos Antonio Agurto Gonzáles, Sonia Lidia Quequejana Mamani, Benigno Choque Cuenca ; traducción de Alfredo Walker. |
| 264 | 1 |
_aSantiago, Chile : _bEdiciones Olejnik, _c[2022] |
|
| 300 | _a1 online resource. | ||
| 336 |
_atext _btxt _2rdacontent |
||
| 337 |
_acomputer _bc _2rdamedia |
||
| 338 |
_aonline resource _bcr _2rdacarrier |
||
| 347 |
_atext file _2rdaft |
||
| 347 | _bPDF | ||
| 490 | 1 | _aBiblioteca de filosofía del derecho | |
| 504 | _aIncludes bibliographical references. | ||
| 588 | 0 | _aOnline resource; title from PDF title page (Digitalia, viewed April 11, 2025) | |
| 650 | 0 |
_aLand reform _zEngland. |
|
| 650 | 0 |
_aLand tenure _zEngland. |
|
| 650 | 0 |
_aProperty _zEngland. |
|
| 700 | 1 |
_aAgurto Gonzáles, Carlos Antonio, _eeditor. |
|
| 700 | 1 |
_aQuequejana Mamani, Sonia Lidia, _eeditor. |
|
| 700 | 1 |
_aChoque Cuenca, Benigno, _eeditor. |
|
| 700 | 1 |
_aWalker, Alfredo, _etranslator. |
|
| 700 | 1 |
_iTranslation of: _aBelloc, Hilaire, _d1870-1953. _tRestoration of property. |
|
| 791 | 2 |
_aDigitalia (Firm), _edistributor. |
|
| 793 | 0 |
_gDigitalia eBook Collection: _aEdiciones Olejnik |
|
| 776 | 0 | 8 |
_iPrint version: _aBelloc, Hilaire, 1870-1953. _sRestoration of property. Spanish (Walker). _tRestauración de la propiedad. _bPrimera edición en Ediciones Olejnik. _dSantiago, Chile : Ediciones Olejnik, 2022 _z9789564072692 |
| 830 | 0 | _aBiblioteca de filosofía del derecho. | |
| 856 | 4 | 0 |
_3Digitalia Hispánica _uhttps://www.digitaliapublishing.com/a/157657/ |
| 910 | _aPremium collection: 2025 | ||
| 942 | _cRAA | ||
| 999 |
_c287275 _d287275 |
||